| 000 | 00450nam a2200181Ia 4500 | ||
|---|---|---|---|
| 001 | 24647 | ||
| 005 | 20260414151057.0 | ||
| 008 | 260414t2024||||xx |||||||||||||| ||spa|| | ||
| 041 | _aESP | ||
| 082 |
_a345.721 _bCH556 |
||
| 100 |
_aChipana Catalán, Jhoel, _eAUT |
||
| 245 | 0 |
_aEl árbitro en la ley de arbitraje peruana _b |
|
| 260 | _c2024 | ||
| 300 |
_a271 páginas : _c25 cm. |
||
| 650 | _aDER | ||
| 654 | _aCDE | ||
| 942 |
_cLIB _dJUS _fJUS _2ddc _n |
||
| 999 |
_c24647 _d24647 |
||